Nonlinear programming

Gespeichert in:
Bibliographische Detailangaben
1. Verfasser: Mangasarian, Oli L.
Format: Buch
Sprache:Englisch
Veröffentlicht: New York McGraw-Hill Book Company 1969
Schriftenreihe:McGraw-Hill series in systems science
Tags: Tag hinzufügen
Keine Tags, Fügen Sie das erste Tag hinzu!

MARC

LEADER 00000nam$a2200000$$$4500
001 0011675
005 20240109104447.3
041 0 |a eng 
044 |a US 
245 1 0 |a Nonlinear programming  |c Oli L. Mangasarian 
264 1 |a New York  |b McGraw-Hill Book Company  |c 1969 
300 |a 220 s. 
490 1 |a McGraw-Hill series in systems science 
830 0 |a McGraw-Hill series in systems science 
100 1 |a Mangasarian, Oli L.